| 000 | 00740nam a22002297a 4500 | ||
|---|---|---|---|
| 001 | 2030 | ||
| 005 | 20231101091357.0 | ||
| 020 | _a978133325 | ||
| 040 |
_aFISKH _beng _cFISKH _dFISKH |
||
| 050 | _aPZ7.R3476235 | ||
| 082 | _a813.6 | ||
| 100 | _aRhodes, Jewell Parker | ||
| 245 |
_aBayou magic _cJewell Parker Rhodes |
||
| 250 | _aFirst Scholastic printing, September 2016 | ||
| 260 |
_aNew York : _bScholastic, _c2015 |
||
| 300 |
_a239 pages : _c20 cm |
||
| 505 | _aM | ||
| 520 | _aVisiting her grandmother in the Louisiana bayou, ten-year-old Maddy begins to realize that she may be the only sibling to carry on the gift of her family's magical legacy. | ||
| 521 |
_a670
_bLexile |
||
| 521 |
_aM
_bRaz-Plus |
||
| 942 |
_2ddc _cBK _n0 |
||
| 999 |
_c2030 _d2030 |
||